[Event "FIDE World Blitz-ch Women 2018"]
[Site "St. Petersburg"]
[Date "2018.12.30"]
[Round "11.2"]
[White "Garifullina, Leya"]
[Black "Lei, Tingjie"]
[Result "1/2-1/2"]
[WhiteElo "2132"]
[BlackElo "2453"]
[Annotator "ChessBase"]
[PlyCount "289"]
[EventDate "2018.12.19"]
[EventType "swiss"]
[EventCountry "RUS"]
[SourceTitle "playchess.com"]
[Source "ChessBase"]
[SourceQuality "1"]

1. e4 e5 2. Nf3 Nc6 3. Bb5 Nf6 4. O-O Nxe4 5. Re1 Nd6 6. Nxe5 Be7 7. Bf1 Nxe5 8. Rxe5 O-O 9. d4 Bf6 10. Re1 Re8 11. Rxe8+ Nxe8 12. c3 d5 13. Bf4 g6 14. Nd2 Ng7 15. Nf3 Bf5 16. Bd3 c6 17. Be5 Bxe5 18. Nxe5 Bxd3 19. Nxd3 Qd6 20. Qd2 Re8 21. Re1 Rxe1+ 22. Qxe1 Ne6 23. Qe5 Qxe5 24. Nxe5 f6 25. Nd3 Kf7 26. Kf1 Ke7 27. Ke2 Kd6 28. Ke3 b6 29. f3 c5 30. b3 Ng7 31. g4 Ne8 32. Nf4 Nc7 33. Kd3 Ne8 34. Ke3 Ng7 35. Kd3 Ne8 36. Ke3 Nc7 37. Kd3 a6 38. Ke3 Nb5 39. Kd3 Na3 40. Kd2 a5 41. Ne2 c4 42. Kc1 Nb5 43. Kb2 Nc7 44. Nf4 b5 45. Ka3 Na6 46. Kb2 b4 47. a3 bxc3+ 48. Kxc3 cxb3 49. Kxb3 Nb8 50. Kc3 Nc6 51. Nd3 Ne7 52. Nc5 Nc6 53. Nb7+ Kc7 54. Nc5 Kd6 55. Nb7+ Ke7 56. Nc5 f5 57. g5 Kd6 58. f4 Ke7 59. Nd3 Kd6 60. Nc5 Nd8 61. Kb3 Nc6 62. Kc3 Ke7 63. Nb7 Kd7 64. Nc5+ Ke7 65. Nb7 Ke6 66. Nc5+ Kd6 67. Nb7+ Kc7 68. Nc5 Nd8 69. Kb3 Nc6 70. Kc3 Kd8 71. Ne6+ Ke7 72. Nc5 Nd8 73. Kb3 Nc6 74. Kc3 Kf7 75. Nd7 Ke7 76. Nc5 Nd8 77. Kb3 Nc6 78. Kc3 Kd6 79. Nb7+ Kc7 80. Nc5 Kd8 81. Ne6+ Ke7 82. Nc5 Na7 83. Nb7 Nb5+ 84. Kd3 Nxa3 85. Nxa5 Nb5 86. Nb7 Nc7 87. Nc5 Kd6 88. Kc3 Nb5+ 89. Kd3 Na3 90. Nb7+ Ke7 91. Nc5 Nc4 92. Na6 Kd7 93. Nc5+ Kd6 94. Nb7+ Kc7 95. Nc5 Kd6 96. Nb7+ Ke7 97. Nc5 Nd6 98. Na6 Nb5 99. Nb4 Ke6 100. Ke3 Nd6 101. Kd3 Ne4 102. Ke3 Nc3 103. Kd3 Na4 104. Ke3 Nb6 105. Kd3 Nc8 106. Ke3 Na7 107. Kd3 Nb5 108. Nc6 Kd6 109. Nb4 Nc7 110. Ke3 Ne6 111. Nc2 Nf8 112. Nb4 Nd7 113. Kd3 Nb6 114. Ke3 Nc4+ 115. Kd3 Nb2+ 116. Kc2 Nc4 117. Kd3 Ke6 118. Nc2 Nd6 119. Nb4 Ne4 120. Ke3 Kd6 121. Kd3 Nf2+ 122. Ke2 Ne4 123. Ke3 Nc3 124. Kd3 Na4 125. Ke3 Nb6 126. Kd3 Nc8 127. Ke3 Na7 128. Kd3 Nc8 129. Ke3 Nb6 130. Kd3 Nc4 131. Nc2 Ke6 132. Nb4 Na5 133. Ke3 Kd6 134. Kd3 Nb7 135. Ke3 Nd8 136. Kd3 Ne6 137. Ke3 Ng7 138. Nc2 Ne6 139. Nb4 Nd8 140. Nd3 Nc6 141. Nc5 Nb4 142. Kd2 Ke7 143. Kc3 Nc6 144. Kd3 Kd6 145. Kc3 1/2-1/2

[Event "FIDE World Blitz-ch Women 2018"]
[Site "St. Petersburg"]
[Date "2018.12.30"]
[Round "11.3"]
[White "Gunina, Valentina"]
[Black "Mamedjarova, Zeinab"]
[Result "1-0"]
[WhiteElo "2496"]
[BlackElo "2338"]
[Annotator "ChessBase"]
[PlyCount "175"]
[EventDate "2018.12.19"]
[EventType "swiss"]
[EventCountry "RUS"]
[SourceTitle "playchess.com"]
[Source "ChessBase"]
[SourceQuality "1"]

1. d4 d5 2. c4 e6 3. Nf3 Nf6 4. g3 Be7 5. Bg2 O-O 6. O-O b6 7. Nc3 Bb7 8. cxd5 Nxd5 9. Qc2 Nd7 10. Nxd5 Bxd5 11. Bf4 Rc8 12. Rfd1 Nf6 13. Qa4 a5 14. Rac1 Bd6 15. Bxd6 cxd6 16. Nd2 Qe8 17. Qa3 Bxg2 18. Kxg2 Qd7 19. Nc4 Qc6+ 20. f3 d5 21. Ne5 Qxc1 22. Rxc1 Rxc1 23. Kf2 Rc2 24. Qb3 Rfc8 25. Qxb6 a4 26. Qb4 h6 27. Nd3 R2c4 28. Qb6 Nd7 29. Qa6 R8c7 30. Qa5 Kh7 31. Ke3 Rb7 32. Qa6 Rbc7 33. a3 Nb8 34. Qb5 Nc6 35. Qb6 Nxd4 36. Ne5 Nf5+ 37. Kf2 Rc2 38. g4 Nh4 39. Qb4 Ng6 40. Nd3 e5 41. Qxa4 R7c4 42. Qb3 e4 43. Nb4 Rd2 44. Ke1 Rcd4 45. e3 Rd1+ 46. Qxd1 Rxd1+ 47. Kxd1 exf3 48. Nxd5 Ne5 49. a4 Nc4 50. b3 f2 51. Ke2 f1=Q+ 52. Kxf1 Nd2+ 53. Ke2 Nxb3 54. Nc3 Kg6 55. Kd3 Nc5+ 56. Kc4 Nb7 57. Ne4 f5 58. gxf5+ Kxf5 59. Nc5 Nd6+ 60. Kd5 Nc8 61. a5 Na7 62. a6 g5 63. Ne6 g4 64. e4+ Kf6 65. e5+ Kf5 66. Nd4+ Kg6 67. Nc6 Nb5 68. a7 h5 69. Ke4 Nc7 70. Kf4 Kf7 71. Kf5 Na8 72. e6+ Ke8 73. Kg6 h4 74. Nd4 g3 75. hxg3 hxg3 76. Nf3 g2 77. Kf5 Ke7 78. Ke5 Nc7 79. Ng1 Na8 80. Kd5 Kd8 81. Kd6 Nb6 82. Kc6 Na8 83. Kb7 Nc7 84. e7+ Kd7 85. e8=Q+ Nxe8 86. a8=Q Nd6+ 87. Ka6 Ke6 88. Qxg2 1-0

[Event "FIDE World Blitz-ch Women 2018"]
[Site "St. Petersburg"]
[Date "2018.12.30"]
[Round "11.4"]
[White "Khademalsharieh, Sarasadat"]
[Black "Cramling, Pia"]
[Result "1/2-1/2"]
[WhiteElo "2470"]
[BlackElo "2465"]
[Annotator "ChessBase"]
[PlyCount "127"]
[EventDate "2018.12.19"]
[EventType "swiss"]
[EventCountry "RUS"]
[SourceTitle "playchess.com"]
[Source "ChessBase"]
[SourceQuality "1"]

1. d4 Nf6 2. c4 e6 3. Nf3 d5 4. Nc3 dxc4 5. e4 b5 6. e5 Nd5 7. Nxb5 Nb6 8. Nc3 Bb7 9. Be2 Be7 10. O-O O-O 11. Be3 Nc6 12. Na4 Ba6 13. Rc1 Nb4 14. Nxb6 axb6 15. Bxc4 Bxc4 16. Rxc4 b5 17. Rc1 Nxa2 18. Ra1 Nb4 19. Qe2 Qd5 20. Rfc1 c6 21. Bd2 h6 22. Bxb4 Bxb4 23. Qc2 Rfc8 24. Qe2 Rxa1 25. Rxa1 Bf8 26. h3 Qb3 27. Ra5 Qb4 28. Ra6 Qb3 29. Rb6 Qd5 30. Qe3 Ra8 31. Qf4 Qd7 32. Qc1 Rc8 33. Qa1 c5 34. dxc5 Bxc5 35. Ra6 g6 36. Ra8 Kg7 37. Rxc8 Qxc8 38. Qa5 Qd7 39. Qe1 Qd5 40. Qe2 Be7 41. Qc2 b4 42. b3 Bc5 43. Kh2 Bb6 44. Qb2 Qc5 45. Kg3 Bc7 46. Qe2 Bb6 47. Qe4 Qc3 48. Qf4 Bc7 49. Qf6+ Kg8 50. h4 h5 51. Kh2 Qd3 52. Qe7 Qd8 53. Qxd8+ Bxd8 54. Kg3 Bb6 55. Nd2 Bd4 56. Nc4 Kf8 57. f3 Ke7 58. Kf4 Bf2 59. g3 Be1 60. Nb6 Bd2+ 61. Ke4 Be1 62. Kf4 Bd2+ 63. Ke4 Be1 64. Kf4 1/2-1/2

[Event "FIDE World Blitz-ch Women 2018"]
[Site "St. Petersburg"]
[Date "2018.12.30"]
[Round "11.5"]
[White "Koneru, Humpy"]
[Black "Goryachkina, Aleksandra"]
[Result "0-1"]
[WhiteElo "2541"]
[BlackElo "2518"]
[Annotator "ChessBase"]
[PlyCount "176"]
[EventDate "2018.12.19"]
[EventType "swiss"]
[EventCountry "RUS"]
[SourceTitle "playchess.com"]
[Source "ChessBase"]
[SourceQuality "1"]

1. d4 d5 2. c4 c6 3. Nf3 Nf6 4. e3 Bf5 5. Nc3 e6 6. Nh4 Bg6 7. Qb3 Qb6 8. Nxg6 hxg6 9. Bd2 Nbd7 10. Qc2 Be7 11. Bd3 g5 12. cxd5 exd5 13. O-O-O O-O-O 14. Kb1 Kb8 15. h3 Nf8 16. Na4 Qc7 17. Nc5 Ne6 18. Nb3 Rc8 19. Rc1 Ka8 20. Bf5 Ne8 21. Nc5 Bxc5 22. dxc5 Nf6 23. Qa4 Nd7 24. Bb4 Qe5 25. g4 g6 26. Bc3 d4 27. Bxe6 Qxe6 28. Bxd4 Rhe8 29. Rhd1 Nf6 30. Bxf6 Qxf6 31. Rd2 Qf3 32. Rcd1 a6 33. Qb3 Qxh3 34. Rd7 Rb8 35. Rxf7 Qxg4 36. Rdd7 Qe4+ 37. Kc1 Qh1+ 38. Kc2 Qe4+ 39. Kc1 Qh1+ 40. Qd1 Qe4 41. Qd4 Qxd4 42. Rxd4 Re5 43. b4 a5 44. a3 Ka7 45. Rd6 Ka6 46. Rxg6 axb4 47. axb4 Kb5 48. Rfg7 Kxb4 49. Rxg5 Rxc5+ 50. Rxc5 Kxc5 51. f4 b5 52. f5 Kd5 53. Re7 Rf8 54. e4+ Kd4 55. Kc2 c5 56. Re6 c4 57. f6 b4 58. e5 Rh8 59. f7 Rf8 60. Re7 b3+ 61. Kb2 Rh8 62. Re8 Rh2+ 63. Ka3 b2 64. Rb8 Rf2 65. e6 c3 66. e7 Rxf7 67. e8=Q Ra7+ 68. Qa4+ Rxa4+ 69. Kxa4 c2 70. Rxb2 c1=Q 71. Rb4+ Kd5 72. Rb5+ Kd6 73. Rb3 Qc2 74. Kb4 Qc5+ 75. Ka4 Qc4+ 76. Ka3 Kc5 77. Kb2 Qe2+ 78. Ka3 Qd2 79. Rb2 Qc3+ 80. Ka2 Kc4 81. Kb1 Qe1+ 82. Kc2 Qe2+ 83. Kc1 Qe3+ 84. Kc2 Qd3+ 85. Kc1 Qf1+ 86. Kc2 Qf5+ 87. Kc1 Kc3 88. Re2 Qf1+ 0-1

[Event "FIDE World Blitz-ch Women 2018"]
[Site "St. Petersburg"]
[Date "2018.12.30"]
[Round "11.6"]
[White "Tan, Zhongyi"]
[Black "Galliamova, Alisa"]
[Result "0-1"]
[WhiteElo "2508"]
[BlackElo "2444"]
[Annotator "ChessBase"]
[PlyCount "162"]
[EventDate "2018.12.19"]
[EventType "swiss"]
[EventCountry "RUS"]
[SourceTitle "playchess.com"]
[Source "ChessBase"]
[SourceQuality "1"]

1. d4 d5 2. c4 c6 3. Nf3 Nf6 4. Nc3 e6 5. Bg5 Nbd7 6. e3 h6 7. Bh4 g5 8. Bg3 Nh5 9. Bd3 Nxg3 10. hxg3 Bg7 11. Qc2 Nb6 12. cxd5 exd5 13. Ne5 Qe7 14. f4 Bd7 15. O-O-O O-O-O 16. Rhe1 Kb8 17. Kb1 Bc8 18. Bf5 Nd7 19. Nd3 Nf6 20. Bxc8 Rxc8 21. Ne5 Nd7 22. Qf5 Nxe5 23. fxe5 Qe6 24. Rf1 Rc7 25. e4 dxe4 26. Qxe6 fxe6 27. Nxe4 Rd7 28. Kc2 Rhd8 29. Nc5 Re7 30. Rd3 b6 31. Ne4 Red7 32. Rfd1 Kc7 33. g4 Rf8 34. Kc3 Rf4 35. Nd6 Rxd6 36. exd6+ Kxd6 37. g3 Rxg4 38. Kc2 Kd5 39. Ra3 a5 40. Rb3 b5 41. Ra3 a4 42. Rf3 Bxd4 43. b3 axb3+ 44. axb3 c5 45. Rh1 Bg7 46. Rf7 Be5 47. Rd7+ Kc6 48. Rd3 c4 49. bxc4 bxc4 50. Re3 Kd5 51. Rxh6 Rxg3 52. Re2 Ra3 53. Rd2+ Bd4 54. Rg6 Rg3 55. Rg8 e5 56. Re2 Rc3+ 57. Kd1 Rd3+ 58. Kc2 Rc3+ 59. Kd1 Rg3 60. Kc2 g4 61. Rd8+ Kc5 62. Rc8+ Kd5 63. Rd8+ Kc6 64. Rc8+ Kb5 65. Rb8+ Ka6 66. Rc8 Rc3+ 67. Kd1 Kb7 68. Rg8 g3 69. Rg6 Ra3 70. Rc2 c3 71. Rxg3 Kc6 72. Ke2 Kd5 73. Rg8 Ra1 74. Rd8+ Ke4 75. Rh8 Rg1 76. Rh4+ Kd5 77. Rh2 Kc4 78. Rh7 Kb3 79. Kd3 Rg3+ 80. Ke4 Kxc2 81. Rh2+ Kb3 0-1

[Event "FIDE World Blitz-ch Women 2018"]
[Site "St. Petersburg"]
[Date "2018.12.30"]
[Round "11.7"]
[White "Harika, Dronavalli"]
[Black "Bivol, Alina"]
[Result "1-0"]
[WhiteElo "2494"]
[BlackElo "2393"]
[Annotator "ChessBase"]
[PlyCount "75"]
[EventDate "2018.12.19"]
[EventType "swiss"]
[EventCountry "RUS"]
[SourceTitle "playchess.com"]
[Source "ChessBase"]
[SourceQuality "1"]

1. d3 Nf6 2. g3 g6 3. Bg2 Bg7 4. c4 O-O 5. Nc3 e5 6. e4 d6 7. Nge2 Be6 8. O-O Qd7 9. f4 Bh3 10. f5 Bxg2 11. Kxg2 c6 12. Bg5 h6 13. Bd2 d5 14. fxg6 fxg6 15. cxd5 Kh7 16. Qb3 Na6 17. Be3 cxd5 18. Nxd5 Nxd5 19. Qxd5 Qg4 20. Ng1 Rac8 21. Rxf8 Rxf8 22. Qxb7 Rf6 23. Rc1 Qe6 24. a3 Qd6 25. Qd5 Qb8 26. b4 Rd6 27. Qc4 Qd8 28. Bf2 Nb8 29. Rd1 Nc6 30. Nf3 Nd4 31. Nxd4 exd4 32. Rf1 h5 33. Bg1 h4 34. Rf7 Qg5 35. Qc7 h3+ 36. Kxh3 Qh5+ 37. Kg2 Qe2+ 38. Bf2 1-0

[Event "FIDE World Blitz-ch Women 2018"]
[Site "St. Petersburg"]
[Date "2018.12.30"]
[Round "11.8"]
[White "Dzagnidze, Nana"]
[Black "Bodnaruk, Anastasia"]
[Result "1-0"]
[WhiteElo "2513"]
[BlackElo "2420"]
[Annotator "ChessBase"]
[PlyCount "125"]
[EventDate "2018.12.19"]
[EventType "swiss"]
[EventCountry "RUS"]
[SourceTitle "playchess.com"]
[Source "ChessBase"]
[SourceQuality "1"]

1. Nf3 Nf6 2. c4 g6 3. b3 Bg7 4. Bb2 O-O 5. g3 c5 6. Bg2 d6 7. d4 Qa5+ 8. Bc3 Qc7 9. Nbd2 cxd4 10. Nxd4 a6 11. O-O Nc6 12. Qc1 e5 13. Nc2 Be6 14. Ne3 Ne7 15. Qb2 Rac8 16. Rac1 Qb8 17. Kh1 b5 18. Qa1 b4 19. Bb2 Nd7 20. Ne4 Nc5 21. Ng5 Bd7 22. Rcd1 Bc6 23. Nd5 Nxd5 24. Bxd5 h6 25. Nf3 Bxd5 26. Rxd5 Rc6 27. Rfd1 Re8 28. Kg1 a5 29. Qb1 Qc7 30. Ne1 Ne6 31. Ng2 f5 32. Ne3 Rd8 33. Qc2 Qe7 34. Rxa5 Qc7 35. Rb5 Ra6 36. Nd5 Qf7 37. Rxb4 Rxa2 38. Ra4 Rxa4 39. bxa4 f4 40. a5 Nc5 41. Ra1 g5 42. a6 Ra8 43. Bc3 Rxa6 44. Rxa6 Nxa6 45. Qa2 Nc5 46. Qa8+ Kh7 47. Qc8 f3 48. Qg4 e4 49. Bxg7 Kxg7 50. exf3 exf3 51. h4 Qg6 52. hxg5 Qxg5 53. Qxf3 Qc1+ 54. Kg2 Qxc4 55. Qf6+ Kh7 56. Qf7+ Kh8 57. Qf8+ Kh7 58. Qf5+ Kg7 59. Qf6+ Kh7 60. Nf4 Qe4+ 61. Kh2 Nd3 62. Qf7+ Kh8 63. Ng6+ 1-0

[Event "FIDE World Blitz-ch Women 2018"]
[Site "St. Petersburg"]
[Date "2018.12.30"]
[Round "11.9"]
[White "Stefanova, Antoaneta"]
[Black "Guichard, Pauline"]
[Result "1-0"]
[WhiteElo "2486"]
[BlackElo "2378"]
[Annotator "ChessBase"]
[PlyCount "73"]
[EventDate "2018.12.19"]
[EventType "swiss"]
[EventCountry "RUS"]
[SourceTitle "playchess.com"]
[Source "ChessBase"]
[SourceQuality "1"]

1. d4 Nf6 2. Nf3 g6 3. g3 Bg7 4. Bg2 O-O 5. O-O d6 6. a4 Nbd7 7. a5 c6 8. c4 Qc7 9. Nc3 e5 10. dxe5 dxe5 11. Qc2 Nc5 12. b4 Bf5 13. Qb2 Ne6 14. Nh4 e4 15. Be3 Ng4 16. Qc1 Nxe3 17. fxe3 Qe5 18. Nxf5 gxf5 19. Ra3 Bh6 20. Bh3 Ng7 21. Na4 Rfd8 22. Nc5 b6 23. axb6 axb6 24. Rxa8 Rxa8 25. Nd7 Qc7 26. Nf6+ Kh8 27. Bxf5 Qe5 28. Bh3 Ra2 29. Ng4 Qg5 30. Nxh6 Qxh6 31. Rxf7 Kg8 32. Qf1 Qxe3+ 33. Kh1 Ra8 34. Bd7 c5 35. Bc6 Rd8 36. Bd5 Re8 37. Rf8# 1-0

[Event "FIDE World Blitz-ch Women 2018"]
[Site "St. Petersburg"]
[Date "2018.12.30"]
[Round "11.10"]
[White "Ushenina, Anna"]
[Black "Abdumalik, Zhansaya"]
[Result "1-0"]
[WhiteElo "2440"]
[BlackElo "2470"]
[Annotator "ChessBase"]
[PlyCount "125"]
[EventDate "2018.12.19"]
[EventType "swiss"]
[EventCountry "RUS"]
[SourceTitle "playchess.com"]
[Source "ChessBase"]
[SourceQuality "1"]

1. d4 Nf6 2. Nf3 g6 3. Nbd2 d5 4. e3 Bg7 5. b4 O-O 6. c4 c6 7. Be2 a5 8. b5 Re8 9. O-O a4 10. Ba3 Nbd7 11. Rc1 h6 12. Qc2 cxb5 13. cxd5 b4 14. Bxb4 Nxd5 15. Ba3 e5 16. dxe5 Nxe5 17. Nxe5 Bxe5 18. Nf3 Bg7 19. Bb5 Bd7 20. Bxd7 Qxd7 21. Rfd1 Qe6 22. Nd4 Qg4 23. h3 Qg5 24. Nf3 Qh5 25. Qc5 Red8 26. Rd2 Bf8 27. Qb5 Bxa3 28. Rcd1 Qf5 29. Rxd5 Rxd5 30. Rxd5 Qc8 31. Rd7 Rb8 32. Qd5 Qe8 33. Ne5 Qe6 34. Nxf7 Qxd5 35. Nxh6+ Kf8 36. Rxd5 b5 37. Ng4 b4 38. Ne5 Kg7 39. Nc4 Rc8 40. Nxa3 bxa3 41. Rd3 Rc1+ 42. Kh2 Rc2 43. Rxa3 Rxf2 44. Rxa4 Re2 45. e4 Re3 46. Kg1 Kf6 47. Kf2 Rc3 48. Ke2 Ke6 49. Ra6+ Ke5 50. Rxg6 Kxe4 51. Rg4+ Kf5 52. Ra4 Kg5 53. Kf2 Rd3 54. Kg1 Kf5 55. Kh2 Kg5 56. h4+ Kh5 57. g3 Rc3 58. Kh3 Rd3 59. Ra5+ Kg6 60. h5+ Kh6 61. Kh4 Rd2 62. Ra6+ Kh7 63. g4 1-0

[Event "FIDE World Blitz-ch Women 2018"]
[Site "St. Petersburg"]
[Date "2018.12.30"]
[Round "11.11"]
[White "Buksa, Nataliya"]
[Black "Gaponenko, Inna"]
[Result "1-0"]
[WhiteElo "2410"]
[BlackElo "2420"]
[Annotator "NA"]
[PlyCount "118"]
[EventDate "2018.12.19"]
[EventType "swiss"]
[EventCountry "RUS"]
[SourceTitle "playchess.com"]
[Source "ChessBase"]
[SourceQuality "1"]

1. d4 d6 2. Nc3 g6 3. e4 Bg7 4. f4 Nf6 5. Nf3 O-O 6. e5 dxe5 7. fxe5 Nd5 8. Bc4 Nxc3 9. bxc3 c5 10. O-O Nc6 11. Be3 Bg4 12. h3 Bxf3 13. Rxf3 cxd4 14. cxd4 Qa5 15. Qe1 Qxe1+ 16. Rxe1 Rad8 17. c3 e6 18. Bc1 Rc8 19. Bd3 Rfd8 20. Ba3 Bf8 21. Bb2 Na5 22. Ref1 Rc7 23. Be4 Nc4 24. Bc1 b5 25. g4 a5 26. h4 b4 27. cxb4 axb4 28. Rd3 Rxd4 29. Rxd4 Bc5 30. Be3 Nxe3 31. Rd8+ Kg7 32. Rc1 Nxg4+ 33. Kg2 Nxe5 34. Rd2 Be3 35. Rxc7 Bxd2 36. Rc2 Be1 37. h5 f5 38. Rc7+ Kf6 39. hxg6 hxg6 40. Bc2 Ng4 41. Bb3 e5 42. Kf3 e4+ 43. Ke2 Bg3 44. Rc6+ Kg5 45. Rb6 Ne5 46. Rxb4 Nd3 47. Rb7 f4 48. Be6 f3+ 49. Ke3 f2 50. Bh3 Nf4 51. Rb5+ Kf6 52. Bf1 Ne6 53. Kxe4 g5 54. Kf3 Bh4 55. Rb6 Ke5 56. a4 Nd4+ 57. Kg2 g4 58. a5 Nf5 59. Rb3 Kf4 1-0

[Event "FIDE World Blitz-ch Women 2018"]
[Site "St. Petersburg"]
[Date "2018.12.30"]
[Round "11.12"]
[White "Ambartsumova, Karina"]
[Black "Maletina, Tatiana"]
[Result "1-0"]
[WhiteElo "2383"]
[BlackElo "2270"]
[Annotator "NA"]
[PlyCount "130"]
[EventDate "2018.12.19"]
[EventType "swiss"]
[EventCountry "RUS"]
[SourceTitle "playchess.com"]
[Source "ChessBase"]
[SourceQuality "1"]

1. Nf3 d5 2. e3 c6 3. c4 Nf6 4. b3 Bg4 5. Bb2 e6 6. h3 Bh5 7. Be2 Nbd7 8. O-O Bd6 9. d4 O-O 10. Nbd2 Qe7 11. Ne5 Bxe2 12. Qxe2 Ne4 13. Nxe4 dxe4 14. Nxd7 Qxd7 15. f3 exf3 16. Qxf3 Qe7 17. e4 e5 18. d5 a5 19. a4 Rad8 20. Rad1 Rd7 21. Bc3 Ra8 22. Rd3 Bc5+ 23. Kh1 Bb4 24. Bxb4 axb4 25. Rfd1 Rad8 26. Qg4 g6 27. Qf3 Rd6 28. c5 Rf6 29. d6 Qe6 30. Qe2 Rf4 31. Rf1 Qf6 32. Rdf3 Qg5 33. Rxf4 exf4 34. Qf2 Rd7 35. Qxf4 Qxc5 36. e5 Qd5 37. Qf6 Qxb3 38. h4 Qc4 39. Rf4 Qd5 40. h5 Qd1+ 41. Rf1 Qxh5+ 42. Kg1 Qg4 43. Rf4 Qd1+ 44. Kh2 Qd5 45. Rxb4 c5 46. Rh4 h5 47. Rf4 c4 48. Rf3 b6 49. Qg5 Ra7 50. Qd8+ Kg7 51. Qf6+ Kg8 52. Qd8+ Kg7 53. Qxb6 Qxe5+ 54. Kh3 Rxa4 55. d7 Ra8 56. d8=Q Rxd8 57. Qxd8 Qe6+ 58. Kh2 Qe5+ 59. Kg1 Qe1+ 60. Rf1 Qe3+ 61. Kh1 c3 62. Qf6+ Kh6 63. Qf4+ Qxf4 64. Rxf4 f5 65. Rc4 Kg5 1-0

[Event "FIDE World Blitz-ch Women 2018"]
[Site "St. Petersburg"]
[Date "2018.12.30"]
[Round "11.14"]
[White "Michna, Marta"]
[Black "Vo, Thi Kim Phung"]
[Result "1/2-1/2"]
[WhiteElo "2333"]
[BlackElo "2352"]
[Annotator "NA"]
[PlyCount "117"]
[EventDate "2018.12.19"]
[EventType "swiss"]
[EventCountry "RUS"]
[SourceTitle "playchess.com"]
[Source "ChessBase"]
[SourceQuality "1"]

1. Nf3 Nf6 2. d3 d5 3. Nbd2 Bf5 4. g3 c6 5. Bg2 e6 6. O-O h6 7. c4 Nbd7 8. cxd5 cxd5 9. Nd4 Bg6 10. N2f3 Bd6 11. Bd2 a6 12. a3 Qe7 13. Nh4 Bh7 14. b4 O-O 15. Rc1 Rac8 16. Qb3 Be5 17. Ndf3 Bd6 18. Nd4 Be5 19. Ndf3 Bd6 20. Nd4 Ne5 21. Rxc8 Rxc8 22. Rc1 Rxc1+ 23. Bxc1 Qc7 24. Qc2 Qxc2 25. Nxc2 Nc6 26. Nf3 e5 27. Nd2 Kf8 28. Nb3 b6 29. Ne3 Ne7 30. Bb2 Ke8 31. Kf1 Kd7 32. Ke1 d4 33. Nc4 Bc7 34. h3 Nfd5 35. Kd2 f6 36. Na1 b5 37. Na5 Bxa5 38. bxa5 Kd6 39. Nb3 Nc6 40. e3 dxe3+ 41. fxe3 Bg8 42. Bc3 Nxe3 43. Kxe3 Bxb3 44. Bxc6 Kxc6 45. Bb4 g6 46. Bf8 h5 47. Bg7 f5 48. Bxe5 Kd5 49. Bg7 Bd1 50. Bf8 Bc2 51. h4 Bd1 52. Bb4 Bc2 53. Bf8 Ke5 54. Bg7+ Kd5 55. Bf8 Bb1 56. Be7 Bc2 57. Bb4 Bb1 58. Bf8 Bc2 59. Bb4 1/2-1/2

[Event "FIDE World Blitz-ch Women 2018"]
[Site "St. Petersburg"]
[Date "2018.12.30"]
[Round "11.15"]
[White "Zhukova, Natalia"]
[Black "Mammadova, Gulnar"]
[Result "1/2-1/2"]
[WhiteElo "2377"]
[BlackElo "2368"]
[Annotator "NA"]
[PlyCount "136"]
[EventDate "2018.12.19"]
[EventType "swiss"]
[EventCountry "RUS"]
[SourceTitle "playchess.com"]
[Source "ChessBase"]
[SourceQuality "1"]

1. c4 e6 2. Nc3 f5 3. d3 Nf6 4. e4 fxe4 5. dxe4 e5 6. Be3 Bb4 7. Rc1 O-O 8. Bd3 d6 9. f3 Bxc3+ 10. Rxc3 Nh5 11. Ne2 Nf4 12. Nxf4 exf4 13. Bc1 Nc6 14. O-O Qg5 15. Kh1 Qh4 16. c5 Rf6 17. Qe1 Qh5 18. cxd6 cxd6 19. Bc4+ Kh8 20. Bd5 Bd7 21. a3 Raf8 22. Qf2 Rh6 23. Qg1 Nd4 24. Re1 Bb5 25. Bc4 Bxc4 26. Rxc4 Nc6 27. b4 Qf7 28. Rc2 a6 29. Rd1 Ne5 30. Rcd2 Nc4 31. Rd5 b5 32. Rf5 Qe7 33. Bxf4 Rxf5 34. Bxh6 Rf8 35. Be3 Qe5 36. Bd4 Qe6 37. Ba1 Nxa3 38. Qd4 Qf7 39. Qxd6 Nc2 40. Bc3 Ne3 41. Re1 Nc4 42. Qd4 h6 43. Rd1 Kh7 44. e5 Re8 45. Qe4+ Qg6 46. Qxg6+ Kxg6 47. f4 Kf5 48. g3 g5 49. Rd7 Rf8 50. fxg5 hxg5 51. Kg2 Nxe5 52. Rd5 Re8 53. h4 gxh4 54. gxh4 Kf4 55. Rxe5 Rxe5 56. Bxe5+ Kxe5 57. Kg3 a5 58. bxa5 b4 59. a6 b3 60. a7 b2 61. a8=Q b1=Q 62. Qe8+ Kf6 63. Qf8+ Ke6 64. Qg8+ Kf6 65. Qg5+ Kf7 66. h5 Qg1+ 67. Kh4 Qxg5+ 68. Kxg5 Kg7 1/2-1/2

[Event "FIDE World Blitz-ch Women 2018"]
[Site "St. Petersburg"]
[Date "2018.12.30"]
[Round "11.16"]
[White "Nakhbayeva, Guliskhan"]
[Black "Paehtz, Elisabeth"]
[Result "0-1"]
[WhiteElo "2371"]
[BlackElo "2487"]
[Annotator "ChessBase"]
[PlyCount "90"]
[EventDate "2018.12.19"]
[EventType "swiss"]
[EventCountry "RUS"]
[SourceTitle "playchess.com"]
[Source "ChessBase"]
[SourceQuality "1"]

1. d4 d6 2. c4 g6 3. Nc3 Bg7 4. e4 e5 5. d5 a5 6. Bd3 Na6 7. Nge2 f5 8. exf5 gxf5 9. Ng3 e4 10. Qh5+ Kf8 11. Bb1 Nf6 12. Qd1 Nc5 13. O-O h5 14. h3 Qe8 15. Bg5 Qg6 16. Qd2 h4 17. Nge2 Bh6 18. Bxh6+ Qxh6 19. Nf4 Nh5 20. Nce2 Bd7 21. Bc2 Re8 22. Rae1 b6 23. b3 Kf7 24. a3 Rhg8 25. b4 axb4 26. axb4 Nd3 27. Bxd3 exd3 28. Qxd3 Nxf4 29. Nxf4 Qxf4 30. Re3 Qg5 31. g3 Rxe3 32. Qxe3 Qxe3 33. fxe3 Rxg3+ 34. Kf2 Rxh3 35. Ra1 Rh2+ 36. Kf3 Rc2 37. c5 dxc5 38. Ra7 cxb4 39. d6 Ke6 40. dxc7 b3 41. Rb7 b5 42. Rb6+ Ke7 43. Kf4 Rxc7 44. Rh6 b2 45. Rh7+ Kd6 0-1

[Event "FIDE World Blitz-ch Women 2018"]
[Site "St. Petersburg"]
[Date "2018.12.30"]
[Round "11.17"]
[White "Girya, Olga"]
[Black "Mammadzada, Gunay"]
[Result "1-0"]
[WhiteElo "2454"]
[BlackElo "2422"]
[Annotator "ChessBase"]
[PlyCount "45"]
[EventDate "2018.12.19"]
[EventType "swiss"]
[EventCountry "RUS"]
[SourceTitle "playchess.com"]
[Source "ChessBase"]
[SourceQuality "1"]

1. d4 d5 2. Nf3 Nf6 3. c4 c6 4. Nc3 a6 5. e3 Bf5 6. cxd5 cxd5 7. Ne5 Nc6 8. Qa4 Bd7 9. Nxd7 Qxd7 10. Bd2 e6 11. Bd3 Bd6 12. O-O O-O 13. f4 b5 14. Qd1 b4 15. Na4 Qe7 16. Rc1 Rfc8 17. Nb6 Qb7 18. Nxc8 Rxc8 19. Qa4 a5 20. Bb5 Na7 21. Rxc8+ Nxc8 22. Qxa5 Na7 23. Qd8+ 1-0

[Event "FIDE World Blitz-ch Women 2018"]
[Site "St. Petersburg"]
[Date "2018.12.30"]
[Round "11.18"]
[White "Khotenashvili, Bela"]
[Black "Haussernot, Cecile"]
[Result "1-0"]
[WhiteElo "2479"]
[BlackElo "2196"]
[Annotator "ChessBase"]
[PlyCount "65"]
[EventDate "2018.12.19"]
[EventType "swiss"]
[EventCountry "RUS"]
[SourceTitle "playchess.com"]
[Source "ChessBase"]
[SourceQuality "1"]

1. d4 Nf6 2. Bg5 d5 3. Bxf6 exf6 4. g3 c5 5. dxc5 Bxc5 6. e3 O-O 7. c3 Re8 8. Bg2 d4 9. cxd4 Bxd4 10. Nc3 Qb6 11. Nd5 Qxb2 12. Rb1 Qxa2 13. Ne2 Bg4 14. Nec3 Bxc3+ 15. Nxc3 Qc4 16. Qb3 Qc5 17. O-O Nc6 18. Rfc1 Rab8 19. Ne4 Qe5 20. Rc5 Qc7 21. Rbc1 Be6 22. Qa4 Qb6 23. Rb5 Qd8 24. Nc5 Ne5 25. Nxe6 fxe6 26. Rxb7 Qd2 27. Rf1 Rbc8 28. Qxa7 Rc1 29. Rxg7+ Kf8 30. Rxh7 Rxf1+ 31. Bxf1 Nf3+ 32. Kg2 Ne1+ 33. Kh3 1-0

[Event "FIDE World Blitz-ch Women 2018"]
[Site "St. Petersburg"]
[Date "2018.12.30"]
[Round "11.19"]
[White "Voit, Daria"]
[Black "Sukhareva, Evgeniya"]
[Result "1-0"]
[WhiteElo "2358"]
[BlackElo "2126"]
[Annotator "NA"]
[PlyCount "111"]
[EventDate "2018.12.19"]
[EventType "swiss"]
[EventCountry "RUS"]
[SourceTitle "playchess.com"]
[Source "ChessBase"]
[SourceQuality "1"]

1. Nf3 Nf6 2. c4 e6 3. g3 b6 4. Bg2 Bb7 5. O-O g6 6. Nc3 Bg7 7. Qc2 O-O 8. e4 d6 9. d4 c5 10. Rd1 cxd4 11. Nxd4 Qe7 12. b3 a6 13. Ba3 Rd8 14. e5 Ne8 15. exd6 Nxd6 16. Bxb7 Qxb7 17. Nxe6 fxe6 18. Rxd6 Rxd6 19. Bxd6 Qf3 20. Rc1 Nc6 21. Qe4 Qxe4 22. Nxe4 Nd4 23. Kg2 Bh6 24. Rd1 Bg7 25. c5 bxc5 26. Bxc5 e5 27. Rc1 Bh6 28. Rc4 Bg7 29. Bd6 Nf5 30. Rc6 a5 31. Bc5 a4 32. bxa4 Rxa4 33. Rc8+ Kf7 34. Ng5+ Kf6 35. Nxh7+ Kf7 36. Ng5+ Kf6 37. h4 Nxh4+ 38. gxh4 Rxh4 39. Nf3 Rg4+ 40. Kf1 Ra4 41. a3 Bh6 42. Re8 Bf4 43. Bd6 Ra5 44. Bb4 Ra6 45. Ke2 Kf5 46. Rf8+ Ke6 47. Kd3 g5 48. Re8+ Kf5 49. Nd2 g4 50. Rf8+ Ke6 51. Ne4 Ra7 52. Rg8 Rd7+ 53. Ke2 Rc7 54. Re8+ Kf5 55. Nd6+ Kf6 56. Ne4+ 1-0